| 000 | 01276nam a2200349 a 4500 | ||
|---|---|---|---|
| 001 | ebr10218217 | ||
| 003 | CaPaEBR | ||
| 006 | m u | ||
| 007 | cr cn||||||||| | ||
| 008 | 050711s2005 enk sb 000 0 eng d | ||
| 010 | _z 2005298982 | ||
| 015 |
_aGBA3Z4146 _2bnb |
||
| 016 | 7 |
_z009709810 _2Uk |
|
| 020 | _z0803978847 (hbk) | ||
| 020 | _z0803978855 (pbk) | ||
| 040 |
_aCaPaEBR _cCaPaEBR |
||
| 035 | _a(OCoLC)297115312 | ||
| 050 | 1 | 4 |
_aHQ1190 _b.L595 2005eb |
| 082 | 0 | 4 |
_a305.4201 _222 |
| 100 | 1 |
_aLloyd, Moya, _d1960- |
|
| 245 | 1 | 0 |
_aBeyond identity politics _h[electronic resource] : _bfeminism, power & politics / _cMoya Lloyd. |
| 260 |
_aLondon ; _aThousans Oaks, Calif. : _bSage, _c2005. |
||
| 300 | _aviii, 198 p. | ||
| 504 | _aIncludes bibliographical references. | ||
| 533 |
_aElectronic reproduction. _bPalo Alto, Calif. : _cebrary, _d2013. _nAvailable via World Wide Web. _nAccess may be limited to ebrary affiliated libraries. |
||
| 650 | 0 | _aFeminist theory. | |
| 650 | 0 | _aDifference (Philosophy) | |
| 650 | 0 | _aPower (Social sciences) | |
| 655 | 7 |
_aElectronic books. _2local |
|
| 710 | 2 | _aebrary, Inc. | |
| 856 | 4 | 0 |
_uhttp://site.ebrary.com/lib/rucke/Doc?id=10218217 _zAn electronic book accessible through the World Wide Web; click to view |
| 999 |
_c129662 _d129662 |
||